<?xml version="1.0" encoding="UTF-8"?>
<record
    xmlns:xsi="http://www.w3.org/2001/XMLSchema-instance"
    xsi:schemaLocation="http://www.loc.gov/MARC21/slim http://www.loc.gov/standards/marcxml/schema/MARC21slim.xsd"
    xmlns="http://www.loc.gov/MARC21/slim">

  <leader>00658nam a22002177a 4500</leader>
  <controlfield tag="005">20170124110155.0</controlfield>
  <datafield tag="010" ind1=" " ind2=" ">
    <subfield code="a">A-116992</subfield>
  </datafield>
  <datafield tag="020" ind1=" " ind2=" ">
    <subfield code="c">150.00</subfield>
    <subfield code="a">0691071837</subfield>
  </datafield>
  <datafield tag="035" ind1=" " ind2=" ">
    <subfield code="a">A-116992</subfield>
  </datafield>
  <datafield tag="037" ind1=" " ind2=" ">
    <subfield code="b">Cen Lib/Ret</subfield>
  </datafield>
  <datafield tag="040" ind1=" " ind2=" ">
    <subfield code="a">DPL</subfield>
    <subfield code="b">EN</subfield>
  </datafield>
  <datafield tag="082" ind1=" " ind2=" ">
    <subfield code="a">181.403</subfield>
    <subfield code="b">ENC</subfield>
  </datafield>
  <datafield tag="245" ind1=" " ind2=" ">
    <subfield code="a">Encyclopedia of Indian philosophies :</subfield>
    <subfield code="c">edited by Karl H. Potter</subfield>
    <subfield code="b">Indian metaphysics and epistemology /</subfield>
  </datafield>
  <datafield tag="260" ind1=" " ind2=" ">
    <subfield code="a">Varanasi</subfield>
    <subfield code="c">1977</subfield>
    <subfield code="b">Motilal banarsidas </subfield>
  </datafield>
  <datafield tag="270" ind1=" " ind2=" ">
    <subfield code="b">Varanasi</subfield>
    <subfield code="a">1. Chowk </subfield>
  </datafield>
  <datafield tag="300" ind1=" " ind2=" ">
    <subfield code="a">744p.</subfield>
    <subfield code="c">20cm(Hb)</subfield>
  </datafield>
  <datafield tag="500" ind1=" " ind2=" ">
    <subfield code="a"> </subfield>
  </datafield>
  <datafield tag="650" ind1=" " ind2=" ">
    <subfield code="a">Philosophy </subfield>
    <subfield code="v">Encyclopedia </subfield>
    <subfield code="9">92428</subfield>
  </datafield>
  <datafield tag="700" ind1=" " ind2=" ">
    <subfield code="a">Potter, Karl H.</subfield>
    <subfield code="9">34901</subfield>
  </datafield>
  <datafield tag="942" ind1=" " ind2=" ">
    <subfield code="2">ddc</subfield>
    <subfield code="c">EN</subfield>
    <subfield code="h">181.403</subfield>
    <subfield code="m">ENC </subfield>
  </datafield>
  <datafield tag="999" ind1=" " ind2=" ">
    <subfield code="c">132494</subfield>
    <subfield code="d">132494</subfield>
  </datafield>
  <datafield tag="952" ind1=" " ind2=" ">
    <subfield code="0">4</subfield>
    <subfield code="1">0</subfield>
    <subfield code="4">0</subfield>
    <subfield code="7">0</subfield>
    <subfield code="a">L</subfield>
    <subfield code="b">L</subfield>
    <subfield code="d">2015-07-22</subfield>
    <subfield code="e">Cen Lib/Ret</subfield>
    <subfield code="g">150.00</subfield>
    <subfield code="l">0</subfield>
    <subfield code="o">181.403 ENC</subfield>
    <subfield code="p">A-116992</subfield>
    <subfield code="r">2015-07-22 00:00:00</subfield>
    <subfield code="t">1</subfield>
    <subfield code="v">150.00</subfield>
    <subfield code="w">2015-07-22</subfield>
    <subfield code="y">EN</subfield>
    <subfield code="z">W/d list no. 6804/11</subfield>
  </datafield>
</record>
